LEADER 01047nam a2200253 a 4500 001 000000131849 003 CaOOAMICUS 005 20121204120138.0 008 121204s2001 it u000 u ita r 040 $aPUL$bita 110 2 $aFondazione italiana per il volontariato.$bConvegno nazionale$c(Roma :$d2000).$0(OLS)http://pul/name/84900 245 10$aOltre i diritti il dono /$ca cura di Antonio Mastantuono. 260 $aRoma :$bFondazione italiana per il volontariato,$c©2001. 300 $a206 p. ;$c21 cm 504 $aBibliografia in nota. 650 4$aDono.$0(OLS)http://pul/subject/33500 700 1 $aMastantuono, Antonio.$0(OLS)http://pul/name/5882 850 $aPUL 852 $aPUL$W1$xDP1 Fondo E. Rossi$y115$m1 D 62$j42427$qFondi$B151095$CPULBib$Z2$F151095 $82 941 1 $a1 961 $aSul dorso collocazione ms. di E. Rossi: D 48 0 1 996 $6245$aOltre i diritti il dono$9(OLS)http://pul/title/166577 996 $6260$aRoma :$bFondazione italiana per il volontariato$9(OLS)http://pul/publisher/69491 LEADER 00875naa a2200217 u 4500 001 000000096490 003 CaOOAMICUS 005 20070226130146.0 008 041020s1994 it u000 u ita u 020 $a8802047979 035 $a11012251 040 $aIAR$bita 100 1 $aVilla, Claudia.$0(OLS)http://pul/name/61470 245 10$aTesti medi e letteratura di intrattimento /$cClaudia Villa. 260 $aTorino :$bUTET,$c1994. 300 $aS. 3-20 ;$c29 cm 773 0 $aL'Italia e la formazione della civiltą europea : Letteratura e vita intellettuale. 773 0 $tL'Italia e la formazione della civiltą europea. 2, Letteratura e vita intellettuale$w()19289 996 $6020$a8802047979$9(OLS)http://pul/number/24683 996 $6245$aTesti medi e letteratura di intrattimento$9(OLS)http://pul/title/123367 996 $6260$aTorino :$bUTET$9(OLS)http://pul/publisher/48088